| 000 | 00716nam a2200229 i 4500 | ||
|---|---|---|---|
| 005 | 20160117054759.0 | ||
| 008 | 140318s2004 enk||||| |||| 00| 0 eng d | ||
| 040 |
_aCO-BoIAVH _cCO-BoIAVH |
||
| 041 | _aeng | ||
| 082 | 0 | 4 |
_a570 _bP98l |
| 100 | 1 | _aPurves, Willim K | |
| 245 | 1 | 0 |
_aLife the science of biology / _cWilliam K. Purves y (otros tres autores). |
| 250 | _aSéptima edición. | ||
| 260 |
_aSunderland : _bSinauer Associates, _c2004. |
||
| 300 | _a1120 p. | ||
| 650 | 1 | 4 |
_aBiología _xHistoria natural |
| 700 | 1 |
_aSadava, David, _eautor. |
|
| 700 | 1 |
_aOrians, Gordon H., _eautor. |
|
| 700 | 1 |
_aHeller, H. Craig, _eautor. |
|
| 942 |
_cLIBRO _2ddc |
||
| 945 | _d2006-02-03 | ||
| 999 |
_c5192 _d5192 |
||